000 00495nam a2200145Ia 4500
008 231129s2011||||xx |||||||||||||| ||spa||
020 _a978-958-722-136-7
040 _bspa
082 _a304.86132 G748n
100 _aGranada Echeverri Patricia
245 0 _aNomadismos en la exclusión: Familias y desplazamiento forzado en Risaralda
260 _c2011
264 _aPereira Colombia : Universidad Tecnológica de Pereira ; Colciencias
942 _2ddc
_cBKS
999 _c21756
_d21756